00513 a2200157 4500010001400000020002300014035001300037037001500050082001400065100001700079245005600096260005400152270007200206300002700278500005000305 aENG-88452 a8189652869c695.00 aEN-71985 bDBAD / PUB14a025.00285 aSinha, Kamla1 aChanging role of digital librarian/cby Kamla Sinha aDelhibVista International Publishing Housec2007 aV-196, Near Shiv Sadhna Mandir, C-11, Yamuna Vihar,cDelhie110 053 aviii, 285p.c22cm (Hb) aIncludes bibliographical references and index